| 000 | 00608nam a2200229Ia 4500 | ||
|---|---|---|---|
| 003 | OSt | ||
| 005 | 20240808113705.0 | ||
| 008 | 210329s9999||||xx |||||||||||||| ||und|| | ||
| 020 | _a9788124007983 | ||
| 040 | _cSTCPL | ||
| 041 | _aMAL | ||
| 041 | _hMAL | ||
| 082 |
_aM301 _bNAN-N |
||
| 100 |
_aNandanar _qനന്തനാർ |
||
| 245 | 0 |
_aNandanarude kathakal / _cby Nandanar _hനന്തനാരുടെ കഥകള് |
|
| 260 |
_aThrissur : _bCurrent Books , _c1999 . |
||
| 300 |
_a462 p. _bPB |
||
| 650 | _aMalayalam literature | ||
| 650 | _aShort Story | ||
| 942 | _cBK | ||
| 942 | _2ddc | ||
| 999 |
_c51601 _d51601 |
||